UNDERSTANDING VIDEO, APPLICATIONS, IMPACT, AND THEROY (Record no. 575004)

000 -LEADER
fixed length control field 00271nam a22001097a 4500
082 ## - DEWEY DECIMAL CLASSIFICATION NUMBER
Classification number 621.388332 HAN
100 ## - MAIN ENTRY--PERSONAL NAME
Personal name HANSON, JARICE
9 (RLIN) 67164
245 ## - TITLE STATEMENT
Title UNDERSTANDING VIDEO, APPLICATIONS, IMPACT, AND THEROY
260 ## - PUBLICATION, DISTRIBUTION, ETC.
Place of publication, distribution, etc. LONDON
Name of publisher, distributor, etc. SAGE
Date of publication, distribution, etc. 1987
300 ## - PHYSICAL DESCRIPTION
Extent 135P
942 ## - ADDED ENTRY ELEMENTS (KOHA)
Koha item type Book
Holdings
Withdrawn status Lost status Damaged status Not for loan Permanent Location Current Location Shelving location Date acquired Total Checkouts Full call number Barcode Date last seen Price effective from Koha item type
        College of Electrical & Mechanical Engineering (CEME) College of Electrical & Mechanical Engineering (CEME) General Stacks 08/01/2017   621.388332 HAN CEME-27429 06/28/2021 06/28/2021 Book
© 2023 Central Library, National University of Sciences and Technology. All Rights Reserved.